000 00322nam a2200121Ia 4500
008 190216s9999||||xx |||||||||||||| ||und||
100 _aCareer Stuy Centre
245 0 _aHistory Of Career
260 _bCentral Institute For Research &training
_c1981
300 _a50p
650 _aHistrory Of Career
942 _cREF
999 _c35817
_d35817